EPIC: The Musical - God Games - Statistics

General Stats
  • This quiz has been taken 144 times
  • The average score is 362 of 447
Answer Stats
Hint Answer % Correct
Go
99%
A
97%
I
97%
Do
94%
Athena Father
93%
God
93%
He
93%
Her
93%
Her!
93%
King
93%
Me
93%
Me?
93%
The
93%
Ask
92%
Him
92%
Of
92%
Release
92%
You
92%
And
90%
Are
90%
Ares
90%
Athena Ares!
90%
For
90%
Hera
90%
His
90%
Man
90%
No
90%
On
90%
Who
90%
Aphrodite
89%
Zeus Apollo
89%
Be
89%
But
89%
I'm
89%
In
89%
It
89%
Not
89%
Ody's
89%
That
89%
Your
89%
He's
87%
Is
87%
Ares is
87%
Let
87%
Make
87%
Odysseus
87%
Rarely
87%
So
87%
To
87%
What
87%
Why
87%
With
87%
Can
86%
Favors
86%
Free
86%
Game?
86%
Game!
86%
Hephaestus
86%
Know
86%
Many
86%
Now
86%
One
86%
Was
86%
Broken
85%
Friend
85%
Give
85%
Heart
85%
My
85%
Sirens
85%
Son!
85%
Them
85%
Them?
85%
Then
85%
Thunder
85%
All
83%
Athena Bring
83%
Die
83%
Fan
83%
Fight
83%
Home
83%
Kind
83%
Love
83%
Shame
83%
Shame?
83%
Athena They
83%
Athena
82%
Gone
82%
If
82%
Like
82%
Aphrodite More
82%
Mother
82%
Own
82%
Should
82%
Think
82%
Try
82%
Who's
82%
Wrong
82%
Did
80%
Fighting
80%
Athena Hold
80%
Or
80%
Please
80%
Songs
80%
Busy
79%
Door
79%
Feel
79%
Hephaestus Fine
79%
High
79%
Never
79%
Were
79%
Back
77%
Catchy
77%
Convince
77%
Cyclops
77%
Friends
77%
Little
77%
Lover
77%
Might
77%
Scylla
77%
Sing
77%
Support?
77%
Hephaestus Trust
77%
Zeus Divine
76%
Forget
76%
Get
76%
Given
76%
Intervention
76%
It's
76%
Kill
76%
Knocking
76%
Mend
76%
Old
76%
Ares Really
76%
Reason
76%
Say?
76%
Seek?
76%
Tell
76%
This
76%
Those
76%
Under
76%
Another
75%
Bleed
75%
Each
75%
From
75%
Genius
75%
Going
75%
Good
75%
He'll
75%
Mind
75%
Miss
75%
Save
75%
Son's
75%
Tricks?
75%
Better
73%
Build
73%
Cheated
73%
Cohort
73%
Coward
73%
Didn't
73%
Even
73%
Far
73%
Felt
73%
Greek?
73%
Has
73%
Heros
73%
Listen?
73%
Once
73%
Pain
73%
Risk
73%
Sacrificed
73%
Still
73%
That's
73%
True
73%
Want
73%
Wife
73%
Bloodshed?
72%
Hera Eh
72%
Everybody
72%
Forged
72%
Full
72%
Funny?
72%
Reconsider
72%
Right
72%
Rot
72%
These
72%
Trying
72%
Weak
72%
Worth
72%
Ares Alright!
70%
Claims
70%
Dare
70%
Failed
70%
Future
70%
Got
70%
Harder
70%
Power
70%
Than
70%
I'll
69%
Live
69%
Playing
69%
Set
69%
Worse
69%
Betrayed
68%
Done
68%
Horse
68%
Imprisoned
68%
Job
68%
Prevail
68%
Sick
68%
Tales
68%
Tongue
68%
Aphrodite | Ares & Aphrodite Ugh
68%
While
68%
Wins
68%
Words
68%
Your's
68%
Day
66%
Decision
66%
Defy
66%
Hera Groovy
66%
Hera Hey
66%
Holds
66%
Pathetic
66%
Spiting
66%
Verse
66%
Devoured?
65%
Placed
65%
Prisoner
65%
Well
65%
Wooden
65%
Baby
63%
Friendship
63%
Pretty
63%
Released
63%
Skilled
63%
Beats
62%
Caution
62%
Hephaestus Very
62%
Athena Wait
62%
Dead?
61%
First
61%
Hopes
61%
Inside
61%
Reimburse
61%
Hides
59%
She
59%
Show
58%
Up
58%
Front
56%
Fall!
55%
Kingdom
55%
Makes
55%
They'll
55%
Through
55%
Call
52%
Apollo Great
52%
Tread
52%
Untie
52%
Apprehensions
49%
Homestead
48%
Ought
48%
Things
48%
Wringer
48%
Judgement
46%
Handles
39%
No matching quizzes found
Score Distribution
Percent of People with Each Score
Percentile by Number Answered
Your Score History
You have not taken this quiz